000
00220nam a22000857a 4500
008
170619b xxu||||| |||| 00| 0 eng d
100
_9
3504
_a
Warner. G. C
245
_a
The boxer children
260
_a
U. S. A
_b
Harper press
_c
1977
999
_c
6888
_d
6888